• 首页
  • 本馆介绍
  • 公告通知
  • 最新文献
  • 馆藏检索
  • 电子资源
  • 读者导购
  • 参考咨询
  • 我的图书馆
  • 登录
  • 详细信息显示
  • 放入我的书架
  • 预约/预借图书
  • 作者相关作品
  • 分类相关作品
  • 丛书相关作品
  • 出版社相关作品

书目信息

  • 表格格式
  • 工作单格式
  • 卡片格式
题名:
新中国文艺政策与中国当代电影发展
    
 
作者: 金宜鸿 著
分册:  
出版信息: 广州   世界图书出版广东有限公司  2014.4
页数: 192页
开本: 24cm
丛书名:
单 册:
中图分类: I200
科图分类:
主题词: 文艺政策--Wen Yi Zheng Ce--研究--中国--现代 , 研究--Yan Jiu , 中国--Zhong Guo
电子资源:
ISBN: 978-7-5100-5582-9
000 01124nam0 22002651 450
001 350551
005 20161012143321.53
010    @a978-7-5100-5582-9@dCNY38.00
100    @a20140704d2014 em y0chiy50 ea
101 0  @achi
102    @aCN@b440000
105    @aa z 000yy
106    @ar
200 1  @a新中国文艺政策与中国当代电影发展@AXin Zhong Guo Wen Yi Zheng Ce Yu Zhong Guo Dang Dai Dian Ying Fa Zhan@f金宜鸿著
210    @a广州@c世界图书出版广东有限公司@d2014.4
215    @a192页@c图@d24cm
300    @a教育部人文社会科学研究青年基金项目
330    @a本书通过分析文艺政策出台的政治、经济、文化背景,梳理文艺政策的不同文本形态及文本演变,辨析文艺政策在不同历史时期价值取向的嬗变等因素对中国电影创作带来的立体效应,揭示新中国成立以来电影发展的沧桑历程;通过剖析不同时期具有代表性的电影事件、电影个案,评析新中国文艺政策与当代中国电影艺术之间的互动规律。
606 0  @a文艺政策@AWen Yi Zheng Ce@x研究@y中国@z现代
606 0  @a研究@AYan Jiu
606 0  @a中国@AZhong Guo
690    @aI200@v5
701  0 @a金宜鸿@AJin Yi Hong@c(传媒)@4著
801  0 @aCN@bTANGWEI@c20160804
905    @b0890600-4@dI200@e156@f5
    
    新中国文艺政策与中国当代电影发展/金宜鸿著.-广州:世界图书出版广东有限公司,2014.4
    192页:图;24cm
    教育部人文社会科学研究青年基金项目
    
    ISBN 978-7-5100-5582-9:CNY38.00
    本书通过分析文艺政策出台的政治、经济、文化背景,梳理文艺政策的不同文本形态及文本演变,辨析文艺政策在不同历史时期价值取向的嬗变等因素对中国电影创作带来的立体效应,揭示新中国成立以来电影发展的沧桑历程;通过剖析不同时期具有代表性的电影事件、电影个案,评析新中国文艺政策与当代中国电影艺术之间的互动规律。
●
相关链接 在E读中查询图书 在五车中查询图书 在当当中查询图书 在豆瓣中查询图书


正题名:新中国文艺政策与中国当代电影发展     索取号:I200/156         预约/预借

序号 登录号 条形码 馆藏地/架位号 状态 备注
1 0890600   208906004   第一样本阅览室/ [索取号:I200/156] 在馆    
2 0890601   208906013   第二借阅区/ [索取号:I200/156] 在馆    
3 0890602   208906022   第二借阅区/ [索取号:I200/156] 在馆    
4 0890603   208906031   第二借阅区/ [索取号:I200/156] 在馆    
5 0890604   208906040   密集书库-文学院/ [索取号:I200/156] 在馆    
唐山师范学院图书馆 欢迎您!
大连网信软件有限公司© 版权所有